USA connais tu vraiment ce pays ? - Statistiques

Statistiques générales
  • Ce quiz a été pris 707 fois
    690 depuis la dernière actualisation
  • Le résultat moyen est 9 sur 15
Statistiques - réponses
Question Réponse % Correct
Quelle est la capitale des Etats Unis ? Washington D.C.
100%
Lequel de ces états ne fait pas parti de ce pays ? Cuba
98%
Qui fut le 1er présidents des USA ? George Washington
89%
Comment se nomme l'équipe de basketball de Chicago ? Les Bulls
84%
Lequel de ces groupe de musique n'est pas d'origine Américaine ? Les Daft Punk
79%
Combien les Etats Unis comptent officiellement d'Etats ? 50
76%
Dans quel état se situe Phoenix L'Arizona
76%
Quelle ville Américaine est la plus peuplé ? NYC
73%
Dans quel état se situe le Mont Rushmore ? Le Dakota du Sud
58%
Quel fut le dernier état des USA à avoir été créé ? Hawai
53%
Comment se nomme l'équipe de Baseball de Boston ? Les Red Socs
44%
Quelle est la capitale de l'Etat de New York Albany
33%
Comment se nomme football américain de Los Angeles ? Les Rams
25%
Quel fut le premier état des USA à avoir été créé ? Delaware
21%
Quelle ville Américaine possède la plus grande superficie (en comptant la banlieue) New York City
19%
Aucun quiz correspondant
Distribution des résultats
% des personnes avec chaque résultat
Percentile par nombre de réponses
Votre historique - résultats
Vous n’avez pas pris ce quiz depuis la dernière actualisation